Reason and Democracy

Guardado en:
Detalles Bibliográficos
Autor principal: Spragens, Thomas A.
Formato: Libro
Lenguaje:inglés
Publicado: Durham Duke University Press 1990
Edición:1. ed.
Materias:
Etiquetas: Agregar Etiqueta
Sin Etiquetas, Sea el primero en etiquetar este registro!

MARC

LEADER 00000nam a2200000 4500
001 c019620
005 20221206122702.1
020 |a 0-8223-1068-6 
041 0 |a eng 
044 |a US 
245 1 0 |a Reason and Democracy  |c Thomas A. Spragens 
250 |a 1. ed. 
264 1 |a Durham  |b Duke University Press  |c 1990 
300 |a 281 s. 
610 2 0 |a demokracia 
610 2 0 |a filozofia 
610 2 0 |a vedy spoločenské 
610 2 0 |a spoločnosť 
610 2 0 |a politika 
100 1 |a Spragens, Thomas A.